| 000 | 00439nam a2200157 4500 | ||
|---|---|---|---|
| 001 | 148971 | ||
| 003 | ES-MaACL | ||
| 007 | t| | ||
| 008 | 070214s1975 fr r ||||1| fre d | ||
| 245 | 0 | 3 |
_aLe surrealisme / _cpresenté par Claude Abastado. |
| 260 |
_aParis : _bHachette, _c1975. |
||
| 300 |
_a314 p., 8 lám. : _bil. ; _c18 cm. |
||
| 700 | 0 |
_aAbastado, Claude, _917984 |
|
| 852 |
_aES-MaACL _jE-9637 _bR.94292 |
||
| 999 |
_c148971 _d148971 |
||